Statistics for Numbers Tile Select Quiz

Click here to take the quiz!

General Stats

  • This quiz has been taken 11,320 times
    (11,308 since last reset)
  • The average score is 69 of 77

Answer Stats

Question Tile Select? % Correct
numbers with 3 letters when written out in English5
100%
numbers with 3 letters when written out in English7
100%
numbers with 3 letters when written out in English8
100%
numbers with 3 letters when written out in English9
100%
numbers with 3 letters when written out in English4
99%
numbers with 3 letters when written out in English3
99%
prime numbers12
98%
prime numbers18
98%
prime numbers16
98%
prime numbers20
98%
prime numbers22
98%
prime numbers24
98%
numbers divisible by 7103
97%
prime numbers21
97%
prime numbers6
97%
prime numbers26
97%
prime numbers8
97%
prime numbers15
97%
prime numbers25
97%
prime numbers10
97%
prime numbers14
97%
numbers in the Fibonacci sequence20
96%
numbers in the Fibonacci sequence22
96%
prime numbers4
96%
numbers in the Fibonacci sequence17
95%
numbers in the Fibonacci sequence24
95%
numbers with 3 letters when written out in English2
95%
numbers with 3 letters when written out in English1
95%
numbers in the Fibonacci sequence23
95%
numbers divisible by 721
95%
numbers in the Fibonacci sequence15
95%
numbers in the Fibonacci sequence10
95%
numbers in the Fibonacci sequence11
95%
numbers in the Fibonacci sequence14
95%
numbers in the Fibonacci sequence18
95%
numbers in the Fibonacci sequence6
94%
numbers in the Fibonacci sequence12
94%
numbers in the Fibonacci sequence19
94%
numbers in the Fibonacci sequence9
94%
prime numbers7
94%
numbers with 3 letters when written out in English6
94%
prime numbers3
94%
numbers in the Fibonacci sequence25
94%
prime numbers9
93%
prime numbers13
93%
numbers divisible by 7124
93%
numbers divisible by 7176
93%
square numbers48
93%
prime numbers11
93%
square numbers36
93%
numbers in the Fibonacci sequence7
92%
numbers with 3 letters when written out in English10
92%
prime numbers17
92%
prime numbers23
91%
prime numbers5
91%
numbers in the Fibonacci sequence16
90%
square numbers25
90%
square numbers64
90%
square numbers81
89%
prime numbers19
89%
square numbers148
88%
numbers in the Fibonacci sequence4
88%
numbers divisible by 756
86%
square numbers360
82%
square numbers216
81%
prime numbers2
77%
numbers divisible by 7154
75%
numbers in the Fibonacci sequence1
75%
numbers in the Fibonacci sequence2
73%
numbers divisible by 791
70%
square numbers169
69%
numbers in the Fibonacci sequence3
67%
numbers in the Fibonacci sequence8
67%
numbers divisible by 7203
65%
numbers in the Fibonacci sequence5
63%
numbers in the Fibonacci sequence13
61%
numbers in the Fibonacci sequence21
58%

Score Distribution

Percentile by Number Answered

Percent of People with Each Score

Your Score History

You have not taken this quiz since the last reset